| 000 | 00537nam a2200145Ia 4500 | ||
|---|---|---|---|
| 008 | 100122s9999 xx 000 0 und d | ||
| 082 |
_b54073 _a136.7 |
||
| 100 | _aशहा उदिता | ||
| 245 | _aबीज अंकुरे अंकुरे | ||
| 260 |
_bदीपदर्शन सेंटर फॉर अॅकॅडमीक एकसलंन्स _c1997 |
||
| 300 | _a183 | ||
| 630 | _aबीज अंकुरे अंकुरे | ||
| 730 | _aबीज अंकुरे अंकुरे | ||
| 942 | _cBOOK | ||
| 999 |
_c430978 _d430975 |
||